Diccionario de grandes filósofos.
Furkejuvvon:
| Váldodahkki: | |
|---|---|
| Materiálatiipa: | Girji |
| Almmustuhtton: |
Madrid, España:
Alianza Editorial,
1986.
|
| Ráidu: | Humanidades.
|
| Fáttát: | |
| Fáddágilkorat: |
Lasit fáddágilkoriid
Eai fáddágilkorat, Lasit vuosttaš fáddágilkora!
|
MARC
| LEADER | 00000nam a2200000 a 4500 | ||
|---|---|---|---|
| 001 | UCQ7226 | ||
| 003 | CL-VaPUC | ||
| 005 | 20220822114548.0 | ||
| 008 | 220706t1986 ||||| |||| 00| 0 eng d | ||
| 999 | |c 436735 |d 436733 | ||
| 020 | |a 84-206-9821-0 (o.c) | ||
| 020 | |a 84-206-0211-6 (t.1) | ||
| 020 | |a 84-206-0212-4 (t.2) | ||
| 040 | |c Pontificia Universidad Católica de Valparaíso | ||
| 082 | 0 | 4 | |a 109.203 FER 1986 |2 21 |
| 100 | 0 | |a Ferrater Mora, José |e autor |9 421103 | |
| 245 | 1 | 0 | |a Diccionario de grandes filósofos. |
| 260 | |a Madrid, España: |b Alianza Editorial, |c 1986. | ||
| 300 | |a 2 tomos. | ||
| 490 | |a Humanidades. | ||
| 500 | |a t.1-t.2. c.1 Primera parte: Donación Familia Prof. Alejandro Guzmán Brito. | ||
| 583 | |a last modification |c 19981031 00:00:00 |k Cristina María Rojas Aguilar | ||
| 650 | 0 | |a Filósofos |x Diccionarios |9 872245 | |
| 942 | |c BK |2 ddc |n 0 | ||
| 952 | |0 0 |1 0 |2 ddc |4 0 |6 109_203000000000000_FER_1986 |7 0 |8 C_AGB |9 584434 |a BIBDER |b BIBDER |d 2022-07-06 |e Donación |h t.1 |i 5652546 |o 109.203 FER 1986 |p 5652546 |r 2023-01-25 |t 1 |w 2022-07-06 |y BK_US |k AGB | ||
| 952 | |0 0 |1 0 |2 ddc |4 0 |6 109_203000000000000_FER_1986 |7 0 |8 C_AGB |9 584435 |a BIBDER |b BIBDER |d 2022-07-06 |e Donación |h t.2 |i 5652547 |o 109.203 FER 1986 |p 5652547 |r 2023-01-25 |t 1 |w 2022-07-06 |y BK_US |k AGB | ||